Educational application for students of nuclear industry and nonproliferation; Методология проектирования молодежного научно-инновационного пространства для российской энергетики

Detalhes bibliográficos
Parent link:Методология проектирования молодежного научно-инновационного пространства для российской энергетики.— 2013.— [С. 140-143]
Autor principal: Edreev S. A.
Autor Corporativo: Национальный исследовательский Томский политехнический университет (ТПУ) Физико-технический институт (ФТИ) Кафедра общей физики (ОФ)
Outros Autores: Kolchev A. E. (научный консультант), Larionov V. V. Vitaliy Vasilyevich
Resumo:Заглавие с экрана
The aim of this project is to make a contribution into nuclear industry by involving multimedia technology in educational process of students of nuclear sphere. One should be aware of the fact that it will make the process of learning much easier than it is and as consequence will improve quality of knowledge of students. Besides, this project is focused on the understanding of different basic nuclear physics processes with help of Microsoft flash animation. The first part deals with the detailed description of visual aids during a lesson as well as with the problem of understanding of physics processes among the average student in the technical and non technical universities. The second part covers the flash project which includes the example of multimedia in education.After all the basic aspects being highlighted, the results of approbation and basic conclusion will be presented in detail.
Idioma:inglês
Publicado em: 2013
coleção:Nuclear technologies as integral part of engineering sciencein the modern world
Assuntos:
Acesso em linha:http://www.lib.tpu.ru/fulltext/c/2013/C07/035.pdf
Formato: MixedMaterials Recurso Eletrônico Capítulo de Livro
KOHA link:https://koha.lib.tpu.ru/cgi-bin/koha/opac-detail.pl?biblionumber=241823

MARC

LEADER 00000naa2a2200000 4500
001 241823
005 20251217145109.0
035 |a (RuTPU)RU\TPU\book\263112 
035 |a RU\TPU\book\263095 
090 |a 241823 
100 |a 20130820d2013 k y0rusy50 ba 
101 0 |a eng 
102 |a RU 
135 |a drcn ---uucaa 
200 1 |a Educational application for students of nuclear industry and nonproliferation  |f S. A. Edreev, A. E. Kolchev  |g sci. adv. V. V. Larionov 
215 |a 1 файл(326 Кб) 
225 1 |a Nuclear technologies as integral part of engineering sciencein the modern world 
300 |a Заглавие с экрана 
320 |a [Библиогр.: с. 143 (5 назв.)] 
330 |a The aim of this project is to make a contribution into nuclear industry by involving multimedia technology in educational process of students of nuclear sphere. One should be aware of the fact that it will make the process of learning much easier than it is and as consequence will improve quality of knowledge of students. Besides, this project is focused on the understanding of different basic nuclear physics processes with help of Microsoft flash animation. The first part deals with the detailed description of visual aids during a lesson as well as with the problem of understanding of physics processes among the average student in the technical and non technical universities. The second part covers the flash project which includes the example of multimedia in education.After all the basic aspects being highlighted, the results of approbation and basic conclusion will be presented in detail. 
337 |a Adobe Reader 
463 1 |0 (RuTPU)RU\TPU\book\258133  |t Методология проектирования молодежного научно-инновационного пространства для российской энергетики  |l Strategy design of youth science and innovation environment for modern engineer training  |o сборник научных трудов Международной молодежной научной школы, г. Томск, 27 - 29 марта 2013 г.  |f Национальный исследовательский Томский политехнический университет (ТПУ)  |v [С. 140-143]  |d 2013 
610 1 |a электронный ресурс 
610 1 |a труды учёных ТПУ 
610 1 |a Project 
610 1 |a education 
610 1 |a Microsoft flash 
610 1 |a animation 
610 1 |a nuclear physics 
610 1 |a computer science 
610 1 |a methodology 
700 1 |a Edreev  |b S. A. 
701 1 |a Kolchev  |b A. E. 
702 1 |a Larionov  |b V. V.  |c physicist  |c Professor of Tomsk Polytechnic University, Doctor of Pedagogical Sciences  |f 1945-  |g Vitaliy Vasilyevich  |3 (RuTPU)RU\TPU\pers\30307  |4 695  |9 14653 
712 0 2 |a Национальный исследовательский Томский политехнический университет (ТПУ)  |b Физико-технический институт (ФТИ)  |b Кафедра общей физики (ОФ)  |3 (RuTPU)RU\TPU\col\18734 
801 1 |a RU  |b 63413507  |c 20101016 
801 2 |a RU  |b 63413507  |c 20220328  |g RCR 
856 4 |u http://www.lib.tpu.ru/fulltext/c/2013/C07/035.pdf 
942 |c CF